000 01439cam a2200373 a 4500
001 1956
003 FISKH
005 20231102145750.0
008 960321s1997 maua b 000 0beng
010 _a 96015380
020 _a0395759196
020 _a9780618250769
040 _aDLC
_cDLC
_dDLC
_beng
050 0 0 _aML3930.A75
_bO74 1997
082 0 0 _a781.65/092
_aB
_220
100 1 _aOrgill, Roxane.
245 1 0 _aIf I only had a horn :
_byoung Louis Armstrong /
_cRoxane Orgill ; illustrated by Leonard Jenkins.
260 _aNew York :
_bHoughton Mifflin,
_c1997.
300 _a32 unnumbered pages :
_bcolor illustrations ;
_c26 cm
505 _aW
520 _aRelates how the famous jazz trumpeter began his musical career, as a poor boy in New Orleans, by singing songs on street corners and playing a battered cornet in a marching band.
521 8 _a860
_bLexile
521 8 _aW
_bRaz-Plus
600 1 0 _aArmstrong, Louis,
_d1901-1971
_vJuvenile literature.
600 1 1 _aArmstrong, Louis,
_d1901-1971.
650 0 _aJazz musicians
_zUnited States
_vBiography
_vJuvenile literature.
650 1 _aMusicians.
650 1 _aJazz.
650 1 _aAfrican Americans
_vBiography.
700 1 _aJenkins, Leonard,
_eillustrator
906 _a7
_bcbc
_corignew
_d1
_eocip
_f19
_gy-gencatlg
942 _2ddc
_cBK
_n0
999 _c1956
_d1956